| 000 | 00933nam a2200241 a 4500 | ||
|---|---|---|---|
| 001 | 000689238 | ||
| 003 | AM-YeHGA | ||
| 005 | 20250617142327.0 | ||
| 008 | 091012s1986 ||| r 000 0 rus d | ||
| 040 | _aAM-YeHGA | ||
| 041 | 0 |
_alit _brus |
|
| 245 | 0 | 0 |
_aLietuviu literatura siuolaikinemis socializmo salygomis / _cLietuvos Tsr Mokslu Akademija Lietuviu Kalbos ir Literaturos Institutas; Red. Jonas Lankutis. |
| 246 | 1 | 3 | _aЛитовская литература в современных условиях социализма |
| 260 |
_aVilnius : _bVaga, _c1986. |
||
| 300 | _a439 p. | ||
| 504 | _aБиблиогр. в примеч. | ||
| 546 | _aСодерж. на ркс. яз. | ||
| 653 | 0 | _aЛитовская советская литература | |
| 700 | 1 |
_aLankutis, Jonas, _eред. _4edt |
|
| 710 | 2 | _aLietuvos Tsr Mokslu Akademija | |
| 710 | 2 | _aLietuviu Kalbos ir Literaturos Institutas | |
| 090 | _c257265 | ||
| 999 |
_c255661 _d255661 |
||